| 000 | 00446nam a2200145Ia 4500 | ||
|---|---|---|---|
| 008 | 231129s1991||||xx |||||||||||||| ||spa|| | ||
| 020 | _a84-7509-680-8 | ||
| 040 | _bspa | ||
| 082 | _a[EN PROCESO DE DESCARTE] 190.9 A617i | ||
| 100 | _aAnscombe G.E.M. | ||
| 245 | 0 | _aIntención | |
| 260 | _c1991 | ||
| 264 | _aBarcelona (España): Paidos/I.C.E. de la Universidad Autónoma de Barcelona | ||
| 942 |
_2ddc _cBKS |
||
| 999 |
_c15785 _d15785 |
||